| 000 | 00684cam a2200217 a 4500 | ||
|---|---|---|---|
| 999 |
_c1047 _d1047 |
||
| 001 | 3794938 | ||
| 003 | GZU | ||
| 005 | 20200922101023.0 | ||
| 008 | 840920s1979 rh 000 1 sna | ||
| 010 | _a 84168090 | ||
| 020 | _a0582626323 | ||
| 040 |
_aDLC _cDLC _dDLC |
||
| 050 | 0 | 0 |
_aPL8681. _bMAV 1979 |
| 100 | 1 |
_aMavengere, Eric P. _q(Eric Peter), _d1940- |
|
| 245 | 1 | 0 |
_aAkanyangira yaona / _cEric P. Mavengere. |
| 260 |
_aHarare [Zimbabwe] : _bPublished in association with the Literature Bureau [by] Longman, _c1979 _g(1982 printing) |
||
| 300 |
_a94 p. ; _c18 cm. |
||
| 500 | _aIn Shona. | ||
| 906 |
_a7 _bcbc _corignew _d2 _encip _f19 _gy-gencatlg |
||
| 942 |
_2lcc _cBK _h8681 _iMAV _kPL |
||